LDR 00812naa#a2200169#i#450# 001 EN\\bibl\118117 005 20260428085204.2 011 ## _a3033-8239 100 ## _a20260401b2026####ek#y0engy0150####ca 102 ## _aRU 200 1# _aTHE MECHANISM OF CRIMINAL BEHAVIOR IN CRIMINALLY-OFFENSIVE ACTS USING GENERATIVE TECHNOLOGIES _eJournal article 210 1# _aArmavir _cAutonomous Non-Commercial Organization Research Institute "Digital Philosophy - Digital Intelligence" _d2026 215 ## _a0 с. 608 ## _aJournal article _2local 675 ## _aКриминология. Криминалистика. 343.9 _aУголовное право. Уголовное судопроизводство. Криминология. Криминалистика. 343 _z 700 #1 _aNikitenko _gIlya Viktorovich 856 4# _aintellectualsovereignty.ru _u